000 00727cam a2200265 a 4500
005 20260322212009.0
008 data
010 _a86-14484
020 _a0398052840
020 _a9780398052843
040 _aDNLM
_cDNLM
041 0 9 _aeng
044 _9United States
060 0 0 _aWB 550
_bP482m 1987
090 _aML 3920 P383 1987
100 1 _aPeters, Jacqueline Schmidt.
245 1 0 _aMusic therapy :
_ban introduction /
_cJacqueline Schmidt Peters.
260 _aSpringfield, Ill., U.S.A. :
_bC.C. Thomas,
_cc1987.
300 _axiii, 171 p.
500 _aIncludes indexes.
504 _aBibliography: p. 143-158.
590 _aBibliography: p. 143-158. Includes indexes.
650 2 _aMusic Therapy
001 data
999 _c168
_d168